000 01160nam0a2200301 i 4500
001 RU\NLR\BIBL_A\011343593
005 20260406003822.0
010 _a9785995304661
_94500
021 _aRU
_b2017-8562
_9625
035 _a(NLR Aleph) 011343593
090 _a11205721
_c11205721
100 _a20170310d2016 u y0rusy50 ca
101 1 _arus
_ceng
102 _aRU
105 _ay z 000zy
200 1 _aРоза о тринадцати лепестках
_e[философское сочинение]
_fАдин Эвен-Исраэль (Штейнзальц)
_gперевод [с английского] Шломо Розеноера
210 _aМосква
_cКнижники
_d2016
215 _a157, [2] с.
_d21
225 1 _aЧейсовская коллекция
300 _aЗагл. и авт. также на иврите
606 1 _aБогословие иудейское
_92347182
_3RU\NLR\AUTH\661402570
686 2 _aЭ36-4
700 1 _8rus
_7ca
_aШтейнзальц
_bА.
_f1937-
_gАдин
_3RU\NLR\AUTH\77113340
_996265
942 _cBOOK
980 _aNBR